Desserts from 'N' - Statistics

General Stats
  • This quiz has been taken 20 times
  • The average score is 2 of 16
Answer Stats
Picture Answer % Correct
Nougat
88%
Neapolitan Ice Cream
59%
Nanaimo Bars
29%
Nussecke
12%
Nut Roll
12%
Namagashi
6%
Napoleon
6%
Natillas
6%
Neenish Tart
6%
Nonnette
6%
Nankhatai
0%
Natas do Ceu
0%
Nonnevot
0%
Nonpareils
0%
Norman Tart
0%
Nuomici
0%
No matching quizzes found
Score Distribution
Percent of People with Each Score
Percentile by Number Answered
Your Score History
You have not taken this quiz